000
00208 a2200097 4500
001
16413
100
_a
Ferozsons
245
_a
Eng to eng & urdu Dict
260
_a
Lahore
_b
Ferozsons
_c
090
_c
12514
_d
12514
942
_a
NUST-CAE
_c
M
_c
2797
999
_c
251486
_d
251486